5HLuxD.jpg

KING HENRY VIII SENIOR AND PRIMARY SCHOOL LIBRARY OPAC

NARWHAL UNICORN OF THE SEA (Record no. 5175)

000 -LEADER
fixed length control field 00367nam a22001217a 4500
008 - FIXED-LENGTH DATA ELEMENTS--GENERAL INFORMATION
fixed length control field 250820b ||||| |||| 00| 0 eng d
020 ## - INTERNATIONAL STANDARD BOOK NUMBER
International Standard Book Number 9781101918715
082 ## - DEWEY DECIMAL CLASSIFICATION NUMBER
Classification number 741.5 CLA
100 ## - MAIN ENTRY--PERSONAL NAME
Personal name CLANTON,BEN
Relator term AUTHOR
Language of a work ENGLISH
245 ## - TITLE STATEMENT
Title NARWHAL UNICORN OF THE SEA
260 ## - PUBLICATION, DISTRIBUTION, ETC.
Place of publication, distribution, etc. GREAT BRITAIN,1 LONDON BRIDGE STREET,LONDON,SE1 9GF
Name of publisher, distributor, etc. DEAN,PART OF FARSHORE
Date of publication, distribution, etc. 2023
942 ## - ADDED ENTRY ELEMENTS (KOHA)
Source of classification or shelving scheme
Holdings
Withdrawn status Lost status Source of classification or shelving scheme Damaged status Not for loan Collection code Permanent Location Current Location Shelving location Date acquired Total Checkouts Total Renewals Full call number Barcode Date last seen Date last checked out Price effective from Koha item type Public note
          Non-Fiction KH8 Primary School Library KH8 Primary School Library Non Fiction 2025-08-20 7 1 741.5 CLA KHPL000007605 2026-03-16 2026-03-09 2025-08-20 Books - Non Ficton KH8 PRIMARY LIBRARY

Powered By KH8 IT Dept